000 00950nam a2200289 i 4500
003 DO-SdBNP
005 20240704152951.0
007 ta
008 240704b2024 dr a|||| |||| 00| 0 spa d
020 _a9789945188424
040 _aDO-SdBNP
_bspa
_cBNPHU
_erda
082 4 _222
100 1 _aNúñez Hernández, Ramón,
_926590
_eautor
245 1 0 _aLuz Athany y Molly /
_cRamón Núñez Hernández ; corrección, Andrés M. Blanco Díaz
264 _aSanto Domingo :
_bTiempo de Nosotros,
_c2024.
300 _a69 páginas ;
_c23 cm
336 _2rdacontent
_atexto
_btxt
337 _2rdamedia
_asin mediación
_bn
338 _2rdacarrier
_avolumen
_bnc
500 _aIncluye datos biográficos del autor en las solapas
590 _aInventariado, 2024/BT
650 4 _aEnsayos dominicanos
_965
650 4 _aLiteratura dominicana
_978146
700 _aBlanco Díaz, Andrés M.,
_ecorrección
_985960
910 _aBtavárez
942 _2ddc
_cLBS1
999 _c57180
_d57180